000 00597nam a2200205Ia 4500
005 20250508162444.0
008 008 250505s9999 xx 000 0 eng d
037 _aTextual
040 _aFEDL
_beng
_cFEDL
041 _aeng
_2eng
084 _a016.78, KUP
_qFEDL
100 _aKuppuswamy Gowry
_9461917
245 0 _aIndian dance and music literature: A select bibliography
260 _aNew Delhi, India
_bBiblia Impex
_c1981
300 _axv,156p.
650 _aBibliography
700 _a hariharan M
_9773193
942 _cTEXL
_h016.78, KUP
999 _c1376655
_d1376655